| 000 | 00687cam a2200205 a 4500 | ||
|---|---|---|---|
| 020 | _a0408042451 : | ||
| 082 | 0 | 0 |
_a624.171 _bLIF _cL-20, P-173 |
| 245 | 0 | 4 |
_aThe Life of structures : _bphysical testing / _cedited by G.S.T. Armer, J.L. Clarke, F.K. Garas. |
| 260 |
_aLondon ; _aBoston : _bButterworths, _c1989. |
||
| 300 |
_a456 p. : _bill. ; _c24 cm. |
||
| 526 |
_a0 _b0 _c0 _d624_171000000000000_LIF |
||
| 650 | 0 |
_aBuilding materials _xService life. _947322 |
|
| 650 | 0 |
_aBuildings _xTesting. _947323 |
|
| 650 | 0 |
_aMCE _9379 |
|
| 650 | 0 | _aStructural engineering. | |
| 700 | 1 |
_aArmer, G. S. T. _945434 |
|
| 700 | 1 |
_aClarke, J. L. _947324 |
|
| 700 | 1 |
_aGaras, F. K. _947325 |
|
| 942 |
_2ddc _cBK |
||
| 999 |
_c550610 _d550610 |
||